000 01628nam0a22003731 4500
001 v19\rc\1361909
005 20060512121328.5
035 _a(NLR Aleph) 004503463
090 _a4696810
_c4696810
100 _a20060512d1872 |||y0rusy50 ca
101 1 _arus
_ceng
102 _aRU
105 _ay z |||||
200 1 _aСамодеятельность
_e(Self-Help)
_fСоч. Самуила Смайлса
_gПер. с англ. Н. Кутейникова
205 _a5-е изд.
210 _aСанкт-Петербург
_cКолесов и Михин
_d1872
215 _a[4], VI, 545 с.
_d20
300 _aПредисл. отсутствует
300 _aПер. также под загл.: Самопомощь; Саморазвитие (самодеятельность) умственное, нравственное и практическое; Самостоятельная деятельность
451 0 _12001#$aСамопомощь
451 0 _12001#$aСаморазвитие (самодеятельность) умственное, нравственное и практическое
451 0 _12001#$aСамостоятельная деятельность
700 1 _aСмайлс
_bС.
_f1812-1904
_gСамьюэл
702 1 _aКутейников
_bН. С.
_f1840-1901
_gНиколай Степанович
_4730
801 0 _aRU
_bNLR
_gpsbo
801 0 _aRU
_bRuMoRGB
_2psbo
801 1 _aRU
_bProSoft-M
_2rusmarc
852 _aNLR
_j18.104.6.52
899 _aБАН
899 _aНБ СПбГУ
899 _aГПИБ
899 _aНБ МГУ
942 _cBOOK
980 _aNB